「一回だけ使用されている文字」近畿編 平成の大合併前版 - Statistics

General Stats
  • This quiz has been taken 103 times
  • The average score is 26 of 36
Answer Stats
文字 県名 解答欄 % Correct
三重県 鈴鹿市
100%
大阪府 枚方市
99%
大阪府 堺市
98%
大阪府 寝屋川市
98%
大阪府 摂津市
98%
兵庫県 尼崎市
98%
橿 奈良県 橿原市
97%
大阪府 羽曳野市
94%
大阪府 四條畷市
94%
大阪府 交野市
94%
兵庫県 播磨町
94%
奈良県 斑鳩町
93%
滋賀県 マキノ町
90%
京都府 精華町
89%
三重県 菰野町
86%
三重県 員弁町
73%
奈良県 安堵町
73%
和歌山県 すさみ町
72%
奈良県 曽爾村
70%
奈良県 御杖村
70%
滋賀県 虎姫町
65%
和歌山県 粉河町
64%
兵庫県 夢前町
61%
滋賀県 朽木村
60%
和歌山県 かつらぎ町
60%
和歌山県 貴志川町
56%
兵庫県 緑町
55%
京都府 加悦町
53%
三重県 鵜殿村
52%
奈良県 當麻町
49%
三重県 御薗村
48%
滋賀県 五個荘町
45%
和歌山県 打田町
44%
兵庫県 但東町
38%
奈良県 大宇陀町
36%
奈良県 菟田野町
33%
No matching quizzes found
Score Distribution
Percent of People with Each Score
Percentile by Number Answered
Your Score History
You have not taken this quiz